000 00708nam a22001815i 4500
001 171447
003 ES-MaACL
005 20230906214633.0
008 090514s1919 xxk |||| | eng d
100 1 _aSokolow, Nahum.
_9140164
245 1 0 _aHistory of Zionism, 1600-1918 /
_cby Nahum Sokolow; with an introduction by the Rt. Hon. A. J. Balfour ... Portraits and illustrations, selected and arranged by Israel Solomons.
260 _aLondon [etc.] :
_bLongmans, Green and Co.,
_c1919.
300 _a1 vol. :
_bil. ;
_c23 cm.
650 1 4 _aSionismo.
_917129
700 1 _aBalfour, Arthur James Balfour,
_cEarl of (
_d1848-1930)
_924925
700 1 _aSolomons, Israel.
_9140165
852 _aES-MaACL
_jD-8745
999 _c171447
_d171447